000 00514nam a2200181Ia 4500
999 _c14359
_d14359
003 OSt
005 20201103131354.0
008 190216s9999||||xx |||||||||||||| ||und||
020 _a0140246312
040 _coclc
082 _a863
_bMAR/O
100 _aMarquez, Gabriel Garcia
_95316
245 0 _aOf Love And Other Demons /
_c Gabriel Garcia Marquez
260 _bPenguin Books,
_aNew delhi:
_c1994.
300 _a160p
650 _aEnglish
942 _cBK
_2ddc
_h863
_iMAR/O
_k863
_mMAR/O